| 000 | 00432nam a2200181Ia 4500 | ||
|---|---|---|---|
| 001 | 14766 | ||
| 005 | 20260306164938.0 | ||
| 008 | 260306t2010||||xx |||||||||||||| ||spa|| | ||
| 041 | _aESP | ||
| 082 |
_a519 _bB36 |
||
| 100 |
_aBegazo Zegarra, Freddy A. _eAUT |
||
| 245 | 0 | _aGuía práctica de estadística | |
| 260 | _c2010 | ||
| 300 |
_a169 páginas : _c30 cm. |
||
| 650 | _aGEN | ||
| 654 | _aCMA | ||
| 942 |
_cLIB _dJUS _fJUS _2ddc _n |
||
| 999 |
_c14766 _d14766 |
||